| 000 | 00907nam a2200229Ii 4500 | ||
|---|---|---|---|
| 003 | JO-AjNU | ||
| 008 | 230605s9999||||xx |||||||||||||| ||und|| | ||
| 017 | _a2014/1/293 | ||
| 020 | _a978-9957-32-805-4 | ||
| 040 |
_aJO-AjNU _bara _erda _cJO-AjNU |
||
| 041 | _aara | ||
| 050 | 1 | 4 | _aDT201.2014 |
| 100 | 3 |
_aتأليف: طه،عبدالواحد ذنون, _eauthor _960930 |
|
| 245 | 0 | 0 | _aابحاث في تاريخ المغرب والاندلس وصور من التواصل الحضاري مع المشرق |
| 250 | _aالطبعة الاولي | ||
| 264 | 3 | 1 | _aعمان: دار ومكتبة الحامد للنشر والتوزيع، 2014 |
| 300 |
_a492ص _b ويحتوي على قائمة مراجع من ص489ص- 492ص |
||
| 336 |
_atext _btxt _2rdacontent |
||
| 337 |
_aunmediated _bn _2rdamedia |
||
| 338 |
_avolume _bnc _2rdacarrier |
||
| 650 | 4 |
_a المغرب- الاندلس- تاريخ _960931 |
|
| 999 |
_aA27511 _c31079 _d31079 |
||